| Tag |
First Indicator |
Second Indicator |
Subfields |
| LEADER |
00000cam a2200000 a 4500 |
| 001 |
in00001358813 |
| 005 |
20151006061036.0 |
| 008 |
961122s1997 nyu 000 0 eng |
| 010 |
|
|
|a 96051664
|
| 020 |
|
|
|a 0060182857
|
| 035 |
|
|
|a (OCoLC)36011755
|
| 035 |
|
|
|9 AHG2770AM
|
| 040 |
|
|
|a DLC
|c DLC
|d YDX
|d TXA
|d UtOrBLW
|
| 041 |
1 |
|
|a eng
|a spa
|h spa
|
| 049 |
|
|
|a TXAM
|
| 050 |
0 |
0 |
|a PQ8097.N4
|b A255 1997
|
| 082 |
0 |
0 |
|a 861
|2 21
|
| 100 |
1 |
|
|a Neruda, Pablo,
|d 1904-1973.
|
| 245 |
1 |
0 |
|a Full woman, fleshly apple, hot moon :
|b selected poems of Pablo Neruda /
|c translated by Stephen Mitchell.
|
| 250 |
|
|
|a 1st ed.
|
| 264 |
|
1 |
|a New York :
|b HarperCollins,
|c [1997]
|
| 264 |
|
4 |
|c ©1997
|
| 300 |
|
|
|a xiii, 261 pages ;
|c 25 cm.
|
| 336 |
|
|
|a text
|b txt
|2 rdacontent
|
| 337 |
|
|
|a unmediated
|b n
|2 rdamedia
|
| 338 |
|
|
|a volume
|b nc
|2 rdacarrier
|
| 600 |
1 |
0 |
|a Neruda, Pablo,
|d 1904-1973
|x Translations into English.
|
| 700 |
1 |
2 |
|a Neruda, Pablo,
|d 1904-1973.
|t Works.
|k Selections.
|l English.
|
| 700 |
1 |
2 |
|a Neruda, Pablo,
|d 1904-1973.
|t Works.
|k Selections.
|l Spanish.
|
| 700 |
1 |
|
|a Mitchell, Stephen,
|d 1943-
|
| 999 |
|
|
|a MARS
|
| 999 |
f |
f |
|s 54824907-6f1f-3ef4-b727-6d370cf5fe9e
|i 6e2c019a-06db-39dd-8ee7-0a706d382366
|t 0
|
| 952 |
f |
f |
|p normal
|a Texas A&M University
|b College Station
|c Sterling C. Evans Library
|d Evans: Library Stacks
|t 0
|e PQ8097.N4 A255 1997
|h Library of Congress classification
|i unmediated -- volume
|m A14821007399
|
| 998 |
f |
f |
|a PQ8097.N4 A255 1997
|t 0
|l Evans: Library Stacks
|